An Introduction to Human Resource Management : An Integrated Approach (Record no. 5870)

MARC details
005 - DATE AND TIME OF LATEST TRANSACTION
control field 20250628081038.0
020 ## - INTERNATIONAL STANDARD BOOK NUMBER
International Standard Book Number 978-0-333-98665-3
082 ## - DEWEY DECIMAL CLASSIFICATION NUMBER
Classification number 658.3 NIE
100 ## - MAIN ENTRY--PERSONAL NAME
Author name NIETO, L. M
245 ## - TITLE STATEMENT
Title An Introduction to Human Resource Management : An Integrated Approach
260 ## - PUBLICATION, DISTRIBUTION, ETC.
Place of publication, distribution, etc. London
Name of publisher, distributor, etc. Palgrave Macmillan
Date of publication, distribution, etc. 2006.
300 ## - PHYSICAL DESCRIPTION
Extent xii,284p.: ill.; figures
Other physical details Index
Dimensions 24cm
942 ## - ADDED ENTRY ELEMENTS (KOHA)
Source of classification or shelving scheme Dewey Decimal Classification
Koha item type Books
Holdings
Date last seen Total checkouts Full call number Barcode Cost, replacement price Price effective from Koha item type Lost status Source of classification or shelving scheme Damaged status Not for loan Withdrawn status Home library Current library Shelving location Date acquired Source of acquisition Cost, normal purchase price
06/28/2025   658.3 NIE MZA0002900 75000.00 06/28/2025 Books   Dewey Decimal Classification       CBE Mwanza CBE Mwanza Special Reserve Collection 06/26/2018 Donation from TLSB 25000.00